[Event "Belgrade-chT Quality"]
[Site "Belgrade"]
[Date "2008.11.11"]
[Round "10"]
[White "Cerovic, Danilo"]
[Black "Pisar, Milan"]
[Result "1/2-1/2"]
[WhiteElo "2157"]
[BlackElo "2018"]
[PlyCount "49"]
[EventDate "2008.11.01"]
[EventType "team-swiss"]
[EventRounds "11"]
[EventCountry "YUG"]
[SourceTitle "CBM 127 Extra"]
[Source "ChessBase"]
[SourceDate "2009.01.08"]
[SourceVersion "2"]
[SourceVersionDate "2009.01.28"]
[SourceQuality "1"]

1. d4 d5 2. c4 dxc4 3. Nf3 Nf6 4. e3 Bg4 5. Bxc4 e6 6. 0-0 a6 7. a4 Nc6 8. Nc3 Bd6 9. Be2 0-0 10. b3 Qe7 11. h3 Bh5 12. Bb2 Rad8 13. Nh4 Bxe2 14. Nxe2 Ne4 15. Nf3 e5 16. Qc2 exd4 17. Nexd4 Nb4 18. Qc4 g6 19. Nc2 Nd3 20. Bd4 Ne5 21. Bxe5 Bxe5 22. Rad1 Bd6 23. Rd4 Rfe8 24. Rfd1 h6 25. b4 1/2-1/2

[Event "Karlovac"]
[Site "Karlovac"]
[Date "1979.06.26"]
[Round "10"]
[White "Brkic, Djordje"]
[Black "Pisar, Milan"]
[Result "1/2-1/2"]
[WhiteElo "2170"]
[BlackElo "2022"]
[PlyCount "31"]
[EventDate "1979.06.16"]
[EventType "tourn"]
[EventRounds "13"]
[EventCountry "YUG"]
[EventCategory "8"]
[SourceTitle "EXT 2002"]
[Source "ChessBase"]
[SourceDate "2001.11.25"]
[SourceVersion "1"]
[SourceVersionDate "2001.11.25"]
[SourceQuality "1"]

1. e4 e5 2. Nf3 Nc6 3. Bb5 a6 4. Ba4 Nf6 5. 0-0 b5 6. Bb3 Nxe4 7. d4 d5 8. dxe5 Be6 9. c3 Be7 10. a4 b4 11. a5 0-0 12. Qd3 Nc5 13. Qc2 Rb8 14. Ba4 Nxa5 15. cxb4 Rxb4 16. Bd2 1/2-1/2

[Event "Karlovac"]
[Site "Karlovac"]
[Date "1979.06.24"]
[Round "8"]
[White "Rogulj, Branko"]
[Black "Pisar, Milan"]
[Result "1-0"]
[WhiteElo "2410"]
[BlackElo "2022"]
[PlyCount "87"]
[EventDate "1979.06.16"]
[EventType "tourn"]
[EventRounds "13"]
[EventCountry "YUG"]
[EventCategory "8"]
[SourceTitle "EXT 2002"]
[Source "ChessBase"]
[SourceDate "2001.11.25"]
[SourceVersion "1"]
[SourceVersionDate "2001.11.25"]
[SourceQuality "1"]

1. e4 e6 2. d4 d5 3. Nc3 Bb4 4. e5 c5 5. a3 Bxc3+ 6. bxc3 Qc7 7. Qg4 Ne7 8. Qxg7 Rg8 9. Qxh7 cxd4 10. Kd1 Bd7 11. Nf3 Nbc6 12. cxd4 0-0-0 13. Bg5 Kb8 14. Rb1 Ka8 15. Qd3 Rc8 16. h4 Nf5 17. Rb2 Na5 18. g4 Nc4 19. Rb3 Ba4 20. gxf5 Nxa3 21. Ne1 Bxb3 22. Qxb3 Nc4 23. Bxc4 dxc4 24. Qb5 a6 25. Qc5 Qd7 26. Qd6 Qa4 27. fxe6 fxe6 28. Rh3 Rc6 29. Qa3 Qb5 30. Rf3 Rgc8 31. h5 Qd5 32. Qe3 c3 33. h6 Rc4 34. Rf4 Ra4 35. Rh4 Rcc4 36. h7 Rxd4+ 37. Rxd4 Rxd4+ 38. Ke2 Qc4+ 39. Nd3 Rh4 40. Bxh4 Qxh4 41. Qf3 Qxh7 42. Qf8+ Ka7 43. Qc5+ Ka8 44. Qxc3 1-0

[Event "Karlovac"]
[Site "Karlovac"]
[Date "1979.06.19"]
[Round "4"]
[White "Pisar, Milan"]
[Black "Hulak, Krunoslav"]
[Result "0-1"]
[WhiteElo "2022"]
[BlackElo "2453"]
[PlyCount "72"]
[EventDate "1979.06.16"]
[EventType "tourn"]
[EventRounds "13"]
[EventCountry "YUG"]
[EventCategory "8"]
[SourceTitle "EXT 2002"]
[Source "ChessBase"]
[SourceDate "2001.11.25"]
[SourceVersion "1"]
[SourceVersionDate "2001.11.25"]
[SourceQuality "1"]

1. d4 e6 2. Nf3 c5 3. e3 Nf6 4. Bd3 b6 5. 0-0 Bb7 6. Nbd2 d6 7. c3 Be7 8. Re1 0-0 9. e4 Nc6 10. Nf1 Rc8 11. Bd2 d5 12. exd5 Qxd5 13. Qe2 cxd4 14. c4 Qd8 15. a3 Nd7 16. b4 Bf6 17. Qe4 g6 18. Qf4 Qc7 19. Qh6 Nce5 20. Nxe5 Bxe5 21. Ng3 Bg7 22. Qh4 Qd8 23. Bg5 f6 24. Bh6 Ne5 25. Rad1 Nxd3 26. Rxd3 Rxc4 27. Bxg7 Kxg7 28. Qg4 Qd5 29. f3 e5 30. h4 Bc8 31. Qe4 Qxe4 32. fxe4 Ba6 33. h5 Rfc8 34. Rb3 Rc3 35. Reb1 Rxb3 36. Rxb3 Rc3 0-1